The liberal dilemma : (Record no. 113927)

MARC details
000 -LEADER
campo de control de longitud fija 03178cam a22004098i 4500
003 - IDENTIFICADOR DE NÚMERO DE CONTROL
campo de control BJBSDDR
005 - FECHA Y HORA DE LA ÚLTIMA TRANSACCIÓN
campo de control 20230411090630.0
007 - CAMPO FIJO DE DESCRIPCIÓN FÍSICA--INFORMACIÓN GENERAL
campo de control de longitud fija ta
008 - DATOS DE LONGITUD FIJA--INFORMACIÓN GENERAL
campo de control de longitud fija 200130s2020 nyu |b 001 0 eng
020 ## - NÚMERO INTERNACIONAL ESTÁNDAR DEL LIBRO
Número Internacional Estándar del Libro 9780367313425 (hbk)
020 ## - NÚMERO INTERNACIONAL ESTÁNDAR DEL LIBRO
Número Internacional Estándar del Libro 0367313421 (hbk)
040 ## - FUENTE DE CATALOGACIÓN
Centro catalogador/agencia de origen DLC
Lengua de catalogación spa
Centro/agencia transcriptor DLC
041 ## - CÓDIGO DE IDIOMA
Código de lengua del texto/banda sonora o título independiente eng
042 ## - CÓDIGO DE AUTENTICACIÓN
Código de autenticación pcc
043 ## - CÓDIGO DE ÁREA GEOGRÁFICA
Código de área geográfica n-us---
050 14 - SIGNATURA TOPOGRÁFICA DE LA BIBLIOTECA DEL CONGRESO
Número de clasificación JC 574.2
Número de ítem M621l 2020
082 00 - NÚMERO DE LA CLASIFICACIÓN DECIMAL DEWEY
Número de clasificación 320.510973/09045
Número de edición 23
100 1# - ENTRADA PRINCIPAL--NOMBRE DE PERSONA
Nombre de persona Michaels, Jonathan,
Fechas asociadas al nombre 1951-
245 14 - MENCIÓN DEL TÍTULO
Título The liberal dilemma :
Resto del título the pragmatic tradition in the age of McCarthyism /
Mención de responsabilidad, etc. by Jonathan Michaels.
264 #1 - PRODUCCIÓN, PUBLICACIÓN, DISTRIBUCIÓN, FABRICACIÓN Y COPYRIGHT
Producción, publicación, distribución, fabricación y copyright New York, NY :
Nombre del de productor, editor, distribuidor, fabricante Routledge,
Fecha de producción, publicación, distribución, fabricación o copyright 2020.
300 ## - DESCRIPCIÓN FÍSICA
Extensión ix, 260 pages
Dimensiones 24 cm.
336 ## - TIPO DE CONTENIDO
Término de tipo de contenido text
Código de tipo de contenido txt
Fuente rdacontent
337 ## - TIPO DE MEDIO
Nombre/término del tipo de medio computer
Código del tipo de medio n
Fuente rdamedia
338 ## - TIPO DE SOPORTE
Nombre/término del tipo de soporte online resource
Código del tipo de soporte nc
Fuente rdacarrier
440 #0 - MENCIÓN DE SERIE/PUNTO DE ACCESO ADICIONAL--TÍTULO
Título Routledge advances in American history
504 ## - NOTA DE BIBLIOGRAFÍA, ETC.
Nota de bibliografía, etc. Includes bibliographical references and index.
505 0# - NOTA DE CONTENIDO CON FORMATO
Nota de contenido con formato Student v. student: two episodes -- War by other means -- Homer G. Richey and the political power of a symbol -- Mapping the liberal mind: Paul Wilson Sullivan -- Conclusion: vital center or excluded middle?
520 ## - RESUMEN, ETC.
Sumario, etc. "This volume explores the response of liberals to rightwing attacks during the Red Scare of the late 1940s and early 1950s, establishing it as a defensive approach aimed at warding off efforts to conflate liberalism with communism, but not at striking back at the opposing ideology of conservatism itself. This book finds the combination of the liberal adherence to pragmatism and political pluralism to have been responsible for the weakness of this response. Analyzing the language used in interchanges between rightwing anticommunists and liberals, Michaels shows that those interchanges did not constitute an effort to persuade but rather an effort to discredit the opponent as "un-American." A variety of conflicts--a professor seeking to avoid dismissal by accusing his colleagues of disloyalty, an investigator of rightwing groups assailed for his activities, an openly communist student seeking to justify the existence of his student organization--embody a battle waged over conflicting versions of "America," an attempt by each side to lay exclusive claim to that word. Conflicts over freedom, individualism, Americanism, and the institution of private property demonstrate how rightwing anticommunists and moderate liberals actually subscribed to two mutually incompatible patterns of sociation, making the conflict profound and resistant to reconciliation"--
Fuente proveedora Provided by publisher.
588 ## - NOTA DE FUENTE DE LA DESCRIPCIÓN
Nota de fuente de la descripción Description based on print version record and CIP data provided by publisher; resource not viewed.
650 #4 - PUNTO DE ACCESO ADICIONAL DE MATERIA--TÉRMINO DE MATERIA
Término de materia o nombre geográfico como elemento de entrada Liberalismo
Subdivisión geográfica Estados Unidos
Subdivisión general Historia
Subdivisión cronológica Siglo XX.
9 (RLIN) 2980
650 #4 - PUNTO DE ACCESO ADICIONAL DE MATERIA--TÉRMINO DE MATERIA
Término de materia o nombre geográfico como elemento de entrada Movimientos anticomunistas
Subdivisión geográfica Estados Unidos
Subdivisión general Historia
Subdivisión cronológica Siglo XX.
9 (RLIN) 6843
650 #4 - PUNTO DE ACCESO ADICIONAL DE MATERIA--TÉRMINO DE MATERIA
Término de materia o nombre geográfico como elemento de entrada Cultura política
Subdivisión geográfica Estados Unidos
9 (RLIN) 2279
650 #4 - PUNTO DE ACCESO ADICIONAL DE MATERIA--TÉRMINO DE MATERIA
Término de materia o nombre geográfico como elemento de entrada Análisis del discurso
Subdivisión general Aspectos políticos
Subdivisión geográfica Estados Unidos
9 (RLIN) 8444
651 #4 - PUNTO DE ACCESO ADICIONAL DE MATERIA--NOMBRE GEOGRÁFICO
9 (RLIN) 2202
Nombre geográfico Estados Unidos
Subdivisión general Política y gobierno
776 08 - ENTRADA DE FORMULARIO FÍSICO ADICIONAL
Información de relación Print version:
Encabezamiento principal Michaels, Jonathan, 1951-
Título The liberal dilemma
Lugar, editor y fecha de publicación New York, NY : Routledge, 2020.
Número Internacional Estándar del Libro 9780367313425
Número de control del registro (DLC) 2019021386
942 ## - ELEMENTOS DE ENTRADA SECUNDARIOS (KOHA)
Fuente del sistema de clasificación o colocación Clasificación de Library of Congress
Tipo de ítem Koha Libro
Holdings
Estatus retirado Estado de pérdida Estado de daño No para préstamo Colección Biblioteca de origen Biblioteca actual Ubicación en estantería Fecha de adquisición Signatura topográfica completa Código de barras Visto por última vez Copia número Tipo de ítem Koha
        Ciencias Sociales Biblioteca Juan Bosch Biblioteca Juan Bosch Ciencias Sociales (3er. Piso) 30/01/2020 JC 574.2 M621l 2020 00000122532 30/01/2020 1 Libro